Дело об отклонении ходатайства совета Дерптского университета об отмене распоряжения министра народного просвещения о напечатани...

Доступно только в Электронных читальных залах Найти на картеНа карте
RUSMARC
00004299nmc2a2200000 x 450
001dec727ac-5eae-464a-bbcc-e22867702409
00520171114192620.0
100##$a20151210l18111811k l0rusy0189 ca
1010#$arus
102##$aRU
2001#$aДело об отклонении ходатайства совета Дерптского университета об отмене распоряжения министра народного просвещения о напечатании имён цензоров в одобренных ими книгах
$j23-30 мая 1811 г.
251##$cДело
300##$aДело
300##$aОриг. заголовок дела: Дело по представлению почётного попечителя Дерптского учебного округа об увольнении цензоров от печати их имён в пересмотренных ими сочинениях. 23 мая 1811 г. - 30 мая 1811 г
801#0$aRU
$bРГИА
$c20151210
$gRCR
801#1$aRU
$bГлавНИВЦ
$c20151210
$2rusmarc
801#2$aRU
$bПБ им. Б.Н. Ельцина
$c20171114
$gRCR
$2rusmarc
850##$aРГИА
852##$aРГИА
$eФедеральное казенное учреждение "Российский государственный исторический архив" (РГИА)
$j183
937##$hРГИА
$d12186738
$aASBIBLIO_SCAN
462#0$1001a72b6b5a-b506-4d67-873a-f622b4f5e56d
$12001
$aДела Департамента народного просвещения по цензурной части
$1251
$cОпись
$1852
$j118
461#0$1001a74412a3-3cc5-4d21-8f0a-dfe2fbd9e72d
$12001
$aДепартамент народного просвещения Министерства народного просвещения (1803-1917)
$1251
$cФонд
$1852
$j733
215##$a7 л.
$d36,5х26 см
371##$aДокумент не является опубликованным и широко распространяемым
105##$ay###
1222#$ad
5171#$aДело по представлению почётного попечителя Дерптского учебного округа об увольнении цензоров от печати их имён в пересмотренных ими сочинениях. 23 мая 1811 г. - 30 мая 1811 г
035##$adec727ac-5eae-464a-bbcc-e22867702409
856##$uhttp://readingroom.main.prlib.ru/item.aspx?id_node=n109007632&mode=full
Формат отображения